000
00404nam a2200145Ia 4500
003
SEM
008
141116s9999 xx 000 0 und d
080
_a
Խաչ 207
100
_a
Հայրունի Աշոտ
245
_a
Հովհաննես Լեփսիուս. հայանվեր գործիչն ու հրապարակախոսը
260
_a
Երևան
260
_c
2001
300
_a
136
942
_2
udc
_c
BK
999
_c
47997
_d
47997